书目信息 |
| 题名: |
误差理论与数据处理
|
|
| 作者: | 费业泰 主编 | |
| 分册: | ||
| 出版信息: | 北京 机械工业出版社 1981 |
|
| 页数: | 172页 | |
| 开本: | 25cm | |
| 丛书名: | ||
| 单 册: | ||
| 中图分类: | O241.1 | |
| 科图分类: | ||
| 主题词: | 数据处理-关系-误差理论--高等学校--教材 , 计算数学 , 误差理论-关系-数据处理--高等学校--教材 | |
| 电子资源: | ||
| ISBN: | ||
| 000 | 00770nam0 2200265 45 | |
| 001 | 0181000136 | |
| 005 | 20060727113228.84 | |
| 010 | @dCNY1.15 | |
| 091 | @a15033.5041 | |
| 100 | @a19950517d1981 em y0chiy0121 ea | |
| 101 | 0 | @achi |
| 102 | @aCN@b110000 | |
| 105 | @ay z 000yy | |
| 200 | 10 | @a误差理论与数据处理@Awu cha li lun yu shu ju chu li@f费业泰主编@Ffei ye tai zhu bian |
| 210 | @a北京@c机械工业出版社@d1981 | |
| 215 | @a172页@d25cm | |
| 300 | @a高等学校试用教材 | |
| 606 | @a数据处理-关系-误差理论@x高等学校@x教材 | |
| 606 | 0 | @a计算数学 |
| 606 | @a误差理论-关系-数据处理@x高等学校@x教材 | |
| 690 | @aO241.1@v3 | |
| 701 | 0 | @a费业泰@Afei ye tai@4主编 |
| 801 | 0 | @aCN@bTSSF@c20060727 |
| 801 | 2 | @aCN@bNLC@c20060629 |
| 905 | @a10447@dO241.1@e109 | |
| 误差理论与数据处理/费业泰主编.-北京:机械工业出版社,1981 |
| 172页;25cm |
| 高等学校试用教材 |
| ISBN :CNY1.15 |
| ● |
| 相关链接 |
|
|
|
|
正题名:误差理论与数据处理
索取号:O241.1/109
 
预约/预借
| 序号 | 登录号 | 条形码 | 馆藏地/架位号 | 状态 | 备注 |
| 1 | 0420936 | 204209365 | 密集书库/ [索取号:O241.1/109] | 在馆 | |
| 2 | 0442412 | 204424122 | 密集书库/ [索取号:O241.1/109] | 在馆 | |
| 3 | 0442413 | 204424131 | 密集书库/ [索取号:O241.1/109] | 在馆 | |
| 4 | 0626375 | 206263755 | 密集书库/ [索取号:O241.1/109] | 在馆 |